000 00978nam a2200301 a 4500
005 20200104041544.0
008 140312b2003 ec a gr|||| 00| 0 spa d
040 _aCO-BoIAVH
_cCO-BoIAVH
041 _aspa
044 _aec
082 0 4 _a354.028
_bB73b
100 1 _aBorregaard, Nicola
245 2 _aBienes y servicios ambientales
_binsumos para la discusión desde la perspectiva Latinoamericana
260 _aQuito
_bRIDES
_bFundación Futuro Latinoamericano
_c2003
300 _a79 paginas. :
_bilustraciones. ;
_c30 x 21 cm
650 4 _aServicios ambientales
650 4 _aDesarrollo sostenible
650 4 _aComercio
650 4 _aCertificación ambiental
650 _aIncentivos
650 4 _aBienes y servicios ambientales
650 4 _aMercados verdes
662 _cLatinoamérica
700 1 _aDufey, Annie
700 1 _aGuzmán, Zulma
942 _cLIBRO
_2ddc
945 _d2004-05-13
999 _c3839
_d3839